| 000 | 00858nam a22002297a 4500 | ||
|---|---|---|---|
| 005 | 20240530110557.0 | ||
| 008 | 160830s2013 ua a f b 000 0 ara d | ||
| 017 |
_a2013/23171 _bمصر . دار الكتب المصرية |
||
| 020 | _a9789774951565 | ||
| 040 | _aEG-CaGPL | ||
| 082 | 0 | 4 |
_221 _a302.23\ _bم أ |
| 100 | 0 | _aميرهان محسن طنطاوى | |
| 245 | 1 | 2 |
_aالاستراتيجيات الاتصالية لادارة سمعة المنظمات / _cميرهان محسن طنطاوى |
| 250 | _aط. 1 | ||
| 260 |
_aالقاهرة : _bدار العالم العربى ، _c2013 . |
||
| 300 |
_a140 ص. : _bايض ؛ _c24 سم . |
||
| 490 | 0 | _aاتجاهات حديثة فى الاعلام | |
| 504 | _aيشتمل على ارجاعات ببليوجرافية | ||
| 650 | 0 | 4 | _aالاعلام |
| 650 | 0 | 4 | _aالمنظمات |
| 942 |
_2ddc _cBK |
||
| 999 |
_c62578 _d62578 |
||